| 000 | 00863nmm a2200277 a 4500 | ||
|---|---|---|---|
| 001 | ocm000906642 | ||
| 003 | TR-IsHL | ||
| 005 | 20201028145058.0 | ||
| 008 | 141121s2013 tu tur | ||
| 007 | cr cn | ||
| 020 | _a9786054812073 | ||
| 035 |
_a906642 _b(N$T) |
||
| 050 | 0 | 4 |
_aPN6281 _b.Ö93 2013 |
| 090 | 0 | 4 |
_aPN6281 _b.Ö93 2013 |
| 100 | 1 | _aÖzbay, Adem | |
| 245 | 1 | 0 |
_aBilgelik ve hikmet yolcusuna satırlar _h[electronic resource] / _cAdem Özbay ; ed. Hale Öner |
| 260 |
_aİstanbul : _bAZ Kitap, _c2013 |
||
| 300 | _a209 p. | ||
| 650 | 4 | _aDil ve Edebiyat | |
| 650 | 4 | _aLanguage and Literature | |
| 650 | 0 | _aÖzdeyişler | |
| 650 | 0 | _aEpigrams | |
| 650 | 7 |
_aLITERARY COLLECTIONS / Middle Eastern _2bisacsh |
|
| 700 | 1 | _aÖner, Hale | |
| 856 | 4 | 0 | _uhttp://search.ebscohost.com/login.aspx?direct=true&scope=site&db=e011xww&AN=906642 |
| 999 |
_c9769 _d9769 |
||